Những công trình nghiên cứu chuyên đề châm tê để phẫu thuật

保存先:
書誌詳細
第一著者: Học viện Quân y Hà Nội
フォーマット: 図書
言語:Undetermined
出版事項: Hà Nội Học viện Quân Y 1987
主題:
タグ: タグ追加
タグなし, このレコードへの初めてのタグを付けませんか!
Thư viện lưu trữ: Trung tâm Học liệu Trường Đại học Cần Thơ
LEADER 00574nam a2200169Ia 4500
001 CTU_8140
008 210402s9999 xx 000 0 und d
082 |a 615.892 
082 |b H401 
100 |a Học viện Quân y Hà Nội 
245 0 |a Những công trình nghiên cứu chuyên đề châm tê để phẫu thuật 
245 0 |c Học viện Quân y Hà Nội 
260 |a Hà Nội 
260 |b Học viện Quân Y 
260 |c 1987 
650 |a acupuncture,surgery 
980 |a Trung tâm Học liệu Trường Đại học Cần Thơ